[Event "Toronto NAYCC U12 Girls"]
[Site "Toronto"]
[Date "2013.08.18"]
[Round "8"]
[White "Saremi, Yekta"]
[Black "Shen, Celina"]
[Result "1-0"]
[WhiteElo "1415"]
[BlackElo "527"]
[PlyCount "115"]
[EventDate "2013.08.14"]
[EventType "swiss"]
[EventRounds "9"]
[EventCountry "CAN"]
[SourceTitle "EXT 2022"]
[Source "ChessBase"]
[SourceDate "2021.10.06"]
[SourceVersion "1"]
[SourceVersionDate "2021.10.06"]
[SourceQuality "1"]

1. e4 e5 2. Nf3 Nc6 3. Nc3 Nf6 4. Bb5 g6 5. 0-0 Bg7 6. d3 0-0 7. Bxc6 dxc6 8. Nxe5 Be6 9. Be3 Qd6 10. Nf3 Bg4 11. h3 Bxf3 12. Qxf3 Rad8 13. Rfe1 Rfe8 14. Bxa7 b6 15. e5 Rxe5 16. Rxe5 Qxe5 17. Qxc6 Nd5 18. Nxd5 Qxd5 19. Qxc7 Rd7 20. Qb8+ Rd8 21. Qxb6 Bd4 22. Qc7 Bxa7 23. Qxa7 Qe5 24. Rb1 Rd6 25. Qe3 Qf6 26. a4 Re6 27. Qd2 Qf5 28. b4 Qh5 29. c4 Re2 30. Qd1 Rb2 31. f3 Qe5 32. Rxb2 Qxb2 33. b5 Qb4 34. Qc2 Kf8 35. c5 Ke7 36. Qc4 Qe1+ 37. Kh2 Qe5+ 38. f4 Qc7 39. b6 Qc6 40. Qe4+ Qxe4 41. dxe4 Kd7 42. a5 Kc6 43. a6 f5 44. exf5 gxf5 45. a7 Kxc5 46. a8Q Kxb6 47. Qc8 h5 48. Qc4 h4 49. Kg1 Ka5 50. Qb3 Ka6 51. Qb4 Ka7 52. Qb5 Ka8 53. Kf2 Ka7 54. Ke3 Ka8 55. Kd4 Ka7 56. Kc5 Ka8 57. Kc6 Ka7 58. Qb7# 1-0

[Event "CAN-ch U12 Girls"]
[Site "Vancouver"]
[Date "2012.07.05"]
[Round "7"]
[White "Saremi, Yekta"]
[Black "Boucher, Katrine"]
[Result "1-0"]
[WhiteElo "1334"]
[BlackElo "869"]
[PlyCount "65"]
[EventDate "2012.07.03"]
[EventType "swiss"]
[EventRounds "7"]
[EventCountry "CAN"]
[SourceTitle "EXT 2022"]
[Source "ChessBase"]
[SourceDate "2021.10.06"]
[SourceVersion "1"]
[SourceVersionDate "2021.10.06"]
[SourceQuality "1"]

1. e4 Nf6 2. Nc3 d6 3. d4 e5 4. dxe5 dxe5 5. Qxd8+ Kxd8 6. Bg5 Be7 7. 0-0-0+ Ke8 8. Nf3 h6 9. Bxf6 Bxf6 10. Nd5 Kd8 11. Nxf6+ Ke7 12. Nd5+ Kf8 13. Nxc7 Bg4 14. Nxa8 Nc6 15. h3 Be6 16. Nc7 Bxa2 17. b3 Nb4 18. Rd8+ Ke7 19. Rxh8 Kd7 20. Nd5 Nc6 21. Kb2 Bxb3 22. Kxb3 Na5+ 23. Ka4 Nc6 24. Bb5 g5 25. Nb4 a6 26. Bxa6 bxa6 27. Rd1+ Kc7 28. Nxc6 Kxc6 29. Rhd8 Kb7 30. R1d6 f6 31. Rxf6 h5 32. Rd7+ Kb8 33. Rf8# 1-0